5HLuxD.jpg

KING HENRY VIII SENIOR AND PRIMARY SCHOOL LIBRARY OPAC

The Cold War in Asia 1945-93 / (Record no. 2688)

000 -LEADER
fixed length control field 01802aam a2200493 i 4500
001 - CONTROL NUMBER
control field 020531525
003 - CONTROL NUMBER IDENTIFIER
control field Uk
005 - DATE AND TIME OF LATEST TRANSACTION
control field 20241031143230.0
006 - FIXED-LENGTH DATA ELEMENTS--ADDITIONAL MATERIAL CHARACTERISTICS
fixed length control field m || d |
007 - PHYSICAL DESCRIPTION FIXED FIELD--GENERAL INFORMATION
fixed length control field cr |||||||||||
008 - FIXED-LENGTH DATA ELEMENTS--GENERAL INFORMATION
fixed length control field 220325s2015 enkab job 001 0 eng
020 ## - INTERNATIONAL STANDARD BOOK NUMBER
Qualifying information paperback
International Standard Book Number 9781471838798
037 ## - SOURCE OF ACQUISITION
Stock number 9781471838804
Source of stock number/acquisition Hachette UK
040 ## - CATALOGING SOURCE
Original cataloging agency Uk
Language of cataloging eng
Transcribing agency Uk
Description conventions rda
Modifying agency KH8
042 ## - AUTHENTICATION CODE
Authentication code ukblsr
082 04 - DEWEY DECIMAL CLASSIFICATION NUMBER
Classification number 950.42 SAN
100 1# - MAIN ENTRY--PERSONAL NAME
Personal name Sanders, Vivienne,
Relator term author.
240 10 - UNIFORM TITLE
Uniform title USA in Asia, 1945-75
245 14 - TITLE STATEMENT
Title The Cold War in Asia 1945-93 /
Statement of responsibility, etc. Vivienne Sanders.
250 ## - EDITION STATEMENT
Edition statement Second edition.
264 #1 - PRODUCTION, PUBLICATION, DISTRIBUTION, MANUFACTURE, AND COPYRIGHT NOTICE
Place of production, publication, distribution, manufacture London :
Name of producer, publisher, distributor, manufacturer Hodder Education,
Date of production, publication, distribution, manufacture, or copyright notice [2015]
300 ## - PHYSICAL DESCRIPTION
Extent 264 pages :
Other physical details illustrations (black and white), maps (black and white) ;
Dimensions 7.4 x 0.63 x 9.69 inches.
336 ## - CONTENT TYPE
Content type term text
Source rdacontent
337 ## - MEDIA TYPE
Media type term computer
Source rdamedia
338 ## - CARRIER TYPE
Carrier type term online resource
Source rdacarrier
490 0# - SERIES STATEMENT
Series statement Access to history
500 ## - GENERAL NOTE
General note Revised edition of: The USA in Asia 1945-75, 2010.
504 ## - BIBLIOGRAPHY, ETC. NOTE
Bibliography, etc. note Includes bibliographical references and index.
650 #0 - SUBJECT ADDED ENTRY--TOPICAL TERM
Topical term or geographic name entry element Korean War, 1950-1953.
650 #0 - SUBJECT ADDED ENTRY--TOPICAL TERM
Topical term or geographic name entry element Vietnam War, 1961-1975.
650 #7 - SUBJECT ADDED ENTRY--TOPICAL TERM
Topical term or geographic name entry element Educational: History.
Source of heading or term bicssc
650 #7 - SUBJECT ADDED ENTRY--TOPICAL TERM
Topical term or geographic name entry element HISTORY
General subdivision Europe
-- Great Britain
-- General.
Source of heading or term bisacsh
650 #7 - SUBJECT ADDED ENTRY--TOPICAL TERM
Topical term or geographic name entry element STUDY AIDS
General subdivision Study Guides.
Source of heading or term bisacsh
650 #7 - SUBJECT ADDED ENTRY--TOPICAL TERM
Topical term or geographic name entry element HISTORY
General subdivision Asia
-- General.
Source of heading or term bisacsh
650 #7 - SUBJECT ADDED ENTRY--TOPICAL TERM
Topical term or geographic name entry element HISTORY
General subdivision Study & Teaching.
Source of heading or term bisacsh
651 #0 - SUBJECT ADDED ENTRY--GEOGRAPHIC NAME
Geographic name Asia
General subdivision Foreign relations
Geographic subdivision United States.
651 #0 - SUBJECT ADDED ENTRY--GEOGRAPHIC NAME
Geographic name United States
General subdivision Foreign relations
Geographic subdivision Asia.
651 #0 - SUBJECT ADDED ENTRY--GEOGRAPHIC NAME
Geographic name Asia
General subdivision Politics and government
Chronological subdivision 1945-
651 #0 - SUBJECT ADDED ENTRY--GEOGRAPHIC NAME
Geographic name Asia
General subdivision Foreign relations
Chronological subdivision 1945-
884 ## - DESCRIPTION CONVERSION INFORMATION
Conversion process LDL ebooks ONIX to marcxml transformation using Record_Load-eBooks_Legal_Deposit_onix2marc_v2-1.xsl
Conversion date 20220325
Identifier of source metadata HachetteUK469815
Conversion agency Uk
903 ## - LOCAL DATA ELEMENT C, LDC (RLIN)
a ELD.DS.675671
942 ## - ADDED ENTRY ELEMENTS (KOHA)
Source of classification or shelving scheme
Koha item type Teaching Resources
Holdings
Withdrawn status Lost status Source of classification or shelving scheme Damaged status Not for loan Collection code Permanent Location Current Location Shelving location Date acquired Full call number Barcode Date last seen Price effective from Koha item type Total Checkouts Date last checked out
          Teaching Resources KH8 Senior School Library KH8 Senior School Library Staff Office 2023-08-10 950.42 SAN TRKHSL001527 2023-08-10 2023-08-10 Teaching Resources    
          Teaching Resources KH8 Senior School Library KH8 Senior School Library Staff Office 2023-08-10 950.42 SAN TRKHSL001528 2023-08-10 2023-08-10 Teaching Resources    
          Teaching Resources KH8 Senior School Library KH8 Senior School Library Staff Office 2023-08-10 950.42 SAN TRKHSL001529 2023-08-10 2023-08-10 Teaching Resources    
          Teaching Resources KH8 Senior School Library KH8 Senior School Library Staff Office 2023-08-10 950.42 SAN TRKHSL001530 2023-08-10 2023-08-10 Teaching Resources    
          Teaching Resources KH8 Senior School Library KH8 Senior School Library Staff Office 2023-08-10 950.42 SAN TRKHSL001531 2025-06-13 2023-08-10 Teaching Resources 1 2025-05-23

Powered By KH8 IT Dept